000 00461nam a2200157 4500
001 110330
003 ES-MaACL
005 20230906185028.0
007 t|
008 061121s1956 sp r ||||1| spa d
100 1 _aMolina, Ricardo.
_981901
245 1 0 _aChuscos, matones y bandidos
_b: narraciones /
_cRicardo Molina.
260 _aMadrid :
_b[s. n.],
_c1956 (
_fMaribel Artes Gráfs.)
300 _a234 p. ;
_c19 cm.
852 _aES-MaACL
_jC-11432
_bR.38528
999 _c110330
_d110330